000 00394nam a2200145Ia 4500
008 151213s9999 xx 000 0 und d
100 _aErnest Heming Way
245 _aErnest Hemingway for Whom The Bell Tolls
_cErnest Heming Way
260 _aAustralia
_bArrow Books
_c1968
300 _a3146 p.
650 _aEnglish
650 _aEnglish
700 _aErnest Heming Way
999 _c2171
_d2171